00625nam a2200121 a 450000500170000000800410001705000170005824500170007526000670009230000350015952002800019465000290047420140414093841.0071030s19uu xx uuu eng d aDVD 790bGIM aGimme kudos. aChina :bCentre of International Cultural Exchange, China for. a1 videodisk (95 min.) ; sd. co aOn a rainy evenig a peasant worker, Yang Hongqi, happens uppon and saves a university student, Ouyang Hua, from being raped. In order to make his father's dying wish come true, he pursues a newspaper journalist, hoping that the journalist will commend his good deed in print. aCultural Center of China